ESSENTIALS OF ECG (Record no. 18706)

MARC details
000 -LEADER
fixed length control field 00341nam a22001577a 4500
003 - CONTROL NUMBER IDENTIFIER
control field SGT
020 ## - INTERNATIONAL STANDARD BOOK NUMBER
International Standard Book Number 978-81-7739-480-1
082 ## - DEWEY DECIMAL CLASSIFICATION NUMBER
Classification number 616.1207
Item number E16G
100 ## - MAIN ENTRY--PERSONAL NAME
Personal name GUPTA, VIPIN
245 ## - TITLE STATEMENT
Title ESSENTIALS OF ECG
250 ## - EDITION STATEMENT
Edition statement 1ST
260 ## - PUBLICATION, DISTRIBUTION, ETC. (IMPRINT)
Place of publication, distribution, etc INDIA
Name of publisher, distributor, etc APC PUB
Year of Publication 2016
300 ## - PAGE DESCRIPTION
No. of Pages 116
650 ## - SUBJECT ADDED ENTRY--TOPICAL TERM
Topical term or geographic name as entry element GENERAL MEDICINE
942 ## - ADDED ENTRY ELEMENTS (KOHA)
Source of classification or shelving scheme Dewey Decimal Classification
Koha item type Books
942 ## - ADDED ENTRY ELEMENTS (KOHA)
-- 53
Holdings
Withdrawn status Lost status Source of classification or shelving scheme Damaged status Not for loan Collection code Home library Current library Shelving location Date acquired Vendor Name Cost, normal purchase price SGTU Bill Number Total Checkouts Full call number Accession No. (Barcode) Date last seen Date last borrowed Bill Date Koha item type
    Dewey Decimal Classification     MEDICAL SGT Medical Library SGT Medical Library Text Book 02/08/2019 ABC DELHI 125.00 SGTU 11141 19 616.1207 E16G FM11596 24/10/2025 10/10/2025 03/07/2019 Books
    Dewey Decimal Classification     MEDICAL SGT Medical Library SGT Medical Library Text Book 02/08/2019 ABC DELHI 125.00 SGTU 11141 17 616.1207 E16G FM11597 28/10/2024 15/10/2024 03/07/2019 Books
    Dewey Decimal Classification     MEDICAL SGT Medical Library SGT Medical Library Text Book 02/08/2019 ABC DELHI 125.00 SGTU 11141 16 616.1207 E16G FM11598 13/10/2025 10/10/2025 03/07/2019 Books
    Dewey Decimal Classification     MEDICAL SGT Medical Library SGT Medical Library Text Book 02/08/2019 ABC DELHI 125.00 SGTU 11141 12 616.1207 E16G FM11599 03/06/2025 01/04/2025 03/07/2019 Books
    Dewey Decimal Classification     MEDICAL SGT Medical Library SGT Medical Library Text Book 02/08/2019 ABC DELHI 125.00 SGTU 11141 4 616.1207 E16G FM11600 01/12/2023 20/11/2023 03/07/2019 Books